| 000 | 01354nam a2200277 i 4500 | ||
|---|---|---|---|
| 001 | 187337 | ||
| 003 | SpMaBN | ||
| 005 | 20230906222903.0 | ||
| 008 | 170606s1881 sp abf |||| | spa d | ||
| 100 | 1 |
_aMaureta, José. _9162963 |
|
| 245 | 1 | 0 |
_aDescripción física, geológica y minera de la provincia de Barcelona / _cpor los ingenieros del Cuerpo de Minas D. José Maureta y D. Silvino Thós y Codina. |
| 260 |
_aMadrid : _b[s.n.], _c1881 ( _fImp. y Fund. de Manuel Tello) |
||
| 300 |
_aXIII, [3] h., 17-487 p., [6] h. pleg. de mapas, [6] h. de lám. (algunas pleg.) : _bil. ; _c27 cm. |
||
| 490 | 1 | _aMemorias de la Comisión del Mapa Geológico de España | |
| 500 | _aÍndice. | ||
| 530 | _aDisponible en formato digital. | ||
| 650 | 7 |
_aYacimientos minerales- _zBarcelona (Provincia) _9162961 |
|
| 650 | 7 |
_aGeología- _zBarcelona (Provincia) _9140322 |
|
| 651 | 7 |
_aBarcelona (Provincia)- _xGeografía. _9162962 |
|
| 700 | 1 |
_aThós y Codina, Silvino. _9162964 |
|
| 710 | 2 |
_aComisión del Mapa Geológico de España. _93030 |
|
| 830 | 0 |
_aMemorias de la Comisión del Mapa Geológico de España _9184748 |
|
| 852 |
_aES-MaACL _jL-31688 _z- enc. hol. _z. - Donat. herederos de la bibl. de Mª del Pilar Costa Palacín |
||
| 856 |
_uhttp://bdh-rd.bne.es/viewer.vm?id=0000055414&page=1 _zBiblioteca Digital Hispánica |
||
| 999 |
_c187337 _d187337 |
||